এ্যারিস্টটলের অধিবিদ্যা / (Record no. 74181)
[ view plain ]
| 000 -LEADER | |
|---|---|
| fixed length control field | 01027nam a2200253 a 4500 |
| 001 - CONTROL NUMBER | |
| control field | 74181 |
| 003 - CONTROL NUMBER IDENTIFIER | |
| rucl marc code | BD-RjUL |
| 005 - DATE AND TIME OF LATEST TRANSACTION | |
| control field | 20211209082516.0 |
| 008 - FIXED-LENGTH DATA ELEMENTS--GENERAL INFORMATION | |
| fixed length control field | 180314s2017 bg ||||| i||| 001 0 eng d |
| 020 ## - INTERNATIONAL STANDARD BOOK NUMBER | |
| International Standard Book Number | 9789849186137 |
| Terms of availability | Tk. 300 |
| 035 ## - SYSTEM CONTROL NUMBER | |
| System control number | (BD-RjUL)74399 |
| 040 ## - CATALOGING SOURCE | |
| Original cataloging agency | BD-RjUL |
| Language of cataloging | eng |
| Transcribing agency | BD-RjUL |
| 041 ## - LANGUAGE CODE | |
| Language code of text/sound track or separate title | ben |
| 082 ## - DEWEY DECIMAL CLASSIFICATION NUMBER | |
| Edition number | 23 |
| Classification number | 110 |
| Author mark and year | ARI 2017 |
| 245 ## - TITLE STATEMENT | |
| Title | এ্যারিস্টটলের অধিবিদ্যা / |
| Statement of responsibility, etc. | অনুবাদ ; আবদুল জলিল মিয়া |
| 260 ## - PUBLICATION, DISTRIBUTION, ETC. (IMPRINT) | |
| Place of publication, distribution, etc. | ঢাকা : |
| Name of publisher, distributor, etc. | মাওলা ব্রাদার্স , |
| Date of publication, distribution, etc. | ২০১৭ |
| 300 ## - PHYSICAL DESCRIPTION | |
| Pagination | ১৫, ২৯২ পৃ. ; |
| Size | 22 সেমি. |
| 500 ## - GENERAL NOTE | |
| General note | ইনডেক্স সংযোজিত |
| 600 ## - SUBJECT ADDED ENTRY--PERSONAL NAME | |
| Personal name | অ্যারিস্টট্ল - আধ্যাত্মিকতা |
| Personal name | Aristotle. -- Metaphysics. |
| 650 ## - SUBJECT ADDED ENTRY--TOPICAL TERM | |
| Topical term or geographic name as entry element | আধ্যাত্মিকতা (অ্যারিস্টট্ল) |
| 9 (RLIN) | 220603 |
| Topical term or geographic name as entry element | Metaphysics (Aristotle) |
| 9 (RLIN) | 220604 |
| 942 ## - ADDED ENTRY ELEMENTS (KOHA) | |
| Source of classification or shelving scheme | Dewey Decimal Classification |
| Koha item type | Books |
| Lost status | Source of classification or shelving scheme | Damaged status | Not for loan | Collection code | Permanent Location | Current Location | Shelving location | Date acquired | Source of acquisition | Cost, normal purchase price | Total Checkouts | Full call number | Date last seen | Copy number | Koha item type | Date checked out |
|---|---|---|---|---|---|---|---|---|---|---|---|---|---|---|---|---|
| Dewey Decimal Classification | Not For Loan | Non-fiction | Central Library, University of Rajshahi | Central Library, University of Rajshahi | Reading Room | 30/03/2017 | Rajshahi Vidyasagar | 300.00 | B 110 ARI 2017 | 14/03/2018 | C-1 | Books | ||||
| Dewey Decimal Classification | Non-fiction | Central Library, University of Rajshahi | Central Library, University of Rajshahi | 30/03/2017 | Rajshahi Vidyasagar | 300.00 | 1 | B 110 ARI 2017 | 25/08/2025 | C-2 | Books | 10/08/2025 |